The Greek post offices & their postmarks from 1861 to 1900 (Record no. 2254)

000 -LEADER
fixed length control field 00370nam a22000977a 4500
008 - FIXED-LENGTH DATA ELEMENTS--GENERAL INFORMATION
fixed length control field 170213b xxu||||| |||| 00| 0 eng d
100 ## - MAIN ENTRY--AUTHOR'S NAME
Author's Name Coutsis, J. C.
245 ## - TITLE STATEMENT
Title The Greek post offices & their postmarks from 1861 to 1900
260 ## - PUBLICATION, DISTRIBUTION, ETC. (IMPRINT)
Place of publication, distribution, etc. Athens
Name of publisher, distributor, etc. J.C. Coutsis
Date of publication, distribution, etc. 1959
650 ## - TOPICAL TERM (Tag)
Topical term or geographic name Greece | Post Offices | Postal Markings | Postal History | 1861-1900 | 19th Century | 20th Century
Holdings
Withdrawn status Lost status Source of classification or shelving scheme Damaged status Koha normalized classification for sorting Not for loan Collection code Permanent Location Current Location Shelving location Date acquired Total Checkouts Full call number Barcode Date last seen Copy number Price effective from Koha item type
        G6811 P855 C871     Northern Philatelic Library Northern Philatelic Library General Stacks 02/13/2017   G6811 P855 C871 1002669 02/13/2017 1 02/13/2017 Books

Powered by Koha